Slovakia Chapter 25

Na minha lista:
Detalhes bibliográficos
Autor principal: Štrkolec, Miroslav
Outros Autores: Olexová, Cecília, 1976-
Formato: Capítulo de Livro
Idioma:inglês
Tags: Adicionar Tag
Sem tags, seja o primeiro a adicionar uma tag!

MARC

LEADER 00000naa$a2200000$$$4500
001 0305983
005 20250709093920.3
041 0 |a eng 
044 |a NL 
245 1 0 |a Slovakia  |b Chapter 25  |c Miroslav Štrkolec, Cecília Olexová 
100 1 |a Štrkolec, Miroslav 
700 1 |a Olexová, Cecília, 1976-